[Event "BL 1415 SF Katernberg - Hansa Dortmund"]
[Site "?"]
[Date "2014.12.05"]
[Round "7.8"]
[White "Thesing, Matthias"]
[Black "Zelbel, Patrick"]
[Result "0-1"]
[WhiteElo "2310"]
[BlackElo "2419"]
[PlyCount "124"]
[EventDate "2014.??.??"]

1. e4 e5 2. Nf3 Nc6 3. Nc3 Nf6 4. d4 exd4 5. Nxd4 Bb4 6. Nxc6 bxc6 7. Bd3 d5 8.
exd5 cxd5 9. Qe2+ Qe7 10. Qxe7+ Kxe7 11. O-O c6 12. Na4 Re8 13. Be3 Kf8 14. h3
Ne4 15. Rfd1 f5 16. c4 Be6 17. Rac1 Rad8 18. cxd5 Bxd5 19. b3 a5 20. Bb6 Rb8
21. f3 Nf6 22. Bd4 Nh5 23. Bc5+ Kf7 24. Kf2 Nf4 25. Bf1 Ne6 26. Be3 f4 27. Bd2
Ba3 28. Rb1 g5 29. Bc3 Nc5 30. Nxc5 Bxc5+ 31. Bd4 Bxd4+ 32. Rxd4 Rb4 33. Rbd1
Reb8 34. Bc4 Bxc4 35. bxc4 Rb2+ 36. R1d2 R8b4 37. Ke2 Rxd2+ 38. Rxd2 Rxc4 39.
Kd3 Ra4 40. Kc3 Ke6 41. Kb3 Rb4+ 42. Kc3 Rb5 43. Rd8 Rc5+ 44. Kb3 Rd5 45. Re8+
Kd6 46. Rh8 Kc5 47. h4 Rd2 48. hxg5 Rxg2 49. Rf8 Rxg5 50. Rxf4 h5 51. Kc3 Kd5
52. Kd3 Ke6 53. Rc4 Kd6 54. Ke4 Rc5 55. Ra4 Ke6 56. Kf4 Rb5 57. Ra3 c5 58. Re3+
Kd5 59. Re5+ Kd4 60. Rxh5 Rb2 61. a4 Rb4 62. Kg3 c4 0-1

[Event "BL 1415 Schwäbisch Hall - Bayern Münc"]
[Site "?"]
[Date "2014.12.06"]
[Round "7.2"]
[White "Laznicka, Viktor"]
[Black "Schenk, Andreas"]
[Result "1-0"]
[WhiteElo "2667"]
[BlackElo "2496"]
[PlyCount "61"]
[EventDate "2014.??.??"]

1. d4 e6 2. c4 Nf6 3. Nf3 d5 4. Bg5 dxc4 5. Qa4+ Nbd7 6. e3 a6 7. Bxc4 c5 8.
O-O Rb8 9. Be2 b5 10. Qc2 Bb7 11. a4 b4 12. Nbd2 cxd4 13. Nxd4 Bc5 14. N2b3 Rc8
15. Nxc5 Rxc5 16. Bxf6 gxf6 17. Qb3 a5 18. Bf3 Bxf3 19. Nxf3 O-O 20. Rad1 Qe7
21. Nd4 Rfc8 22. e4 Kh8 23. f4 R5c7 24. Nb5 Rc5 25. Qd3 Nf8 26. f5 Re5 27. Nd6
Rc7 28. Qf3 Nd7 29. Qh5 Nf8 30. Qh6 Rc6 31. Ne8 1-0

[Event "BL 1415 Schwäbisch Hall - Bayern Münc"]
[Site "?"]
[Date "2014.12.06"]
[Round "7.3"]
[White "Belezky, Alexander"]
[Black "Gharamian, Tigran"]
[Result "1/2-1/2"]
[WhiteElo "2446"]
[BlackElo "2658"]
[PlyCount "178"]
[EventDate "2014.??.??"]

1. Nf3 d5 2. g3 Nf6 3. Bg2 c5 4. d3 Nc6 5. Nbd2 Bg4 6. c4 e6 7. h3 Bh5 8. g4
Bg6 9. Nh4 Be7 10. a3 O-O 11. O-O Bd6 12. Nxg6 hxg6 13. Nf3 Qc7 14. Be3 Rfe8
15. Qc2 b6 16. Rfc1 Rac8 17. b4 d4 18. Bd2 e5 19. b5 Nd8 20. Ng5 Ne6 21. Bc6
Re7 22. Bf3 Nxg5 23. Bxg5 Re6 24. Bxf6 gxf6 25. Bd5 Ree8 26. Kg2 Kg7 27. Rh1
Rh8 28. a4 Qd8 29. Qd2 Bc7 30. h4 Qd7 31. Bf3 f5 32. Bc6 Qe6 33. Bd5 Qf6 34.
gxf5 Qxf5 35. Qg5 Qxg5+ 36. hxg5 Rxh1 37. Rxh1 Bd8 38. Ra1 Bxg5 39. a5 Bd8 40.
a6 Bg5 41. Rh1 Rf8 42. Rh3 Bf4 43. Rh1 Bh6 44. Rh3 Bg5 45. Rh1 f6 46. Rh3 Bf4
47. Rh1 Bd2 48. Rd1 Bh6 49. Rh1 Bg5 50. Bc6 Rf7 51. Bd5 Re7 52. Bc6 Bh6 53. Bd5
Bf4 54. Bc6 f5 55. f3 Bg5 56. Bd5 Be3 57. Bc6 Bd2 58. Rd1 Bg5 59. Rh1 Re6 60.
Bd5 Rf6 61. Bb7 Rf7 62. Bd5 Rf6 63. Bb7 Rf8 64. Bc6 Bf4 65. Bd5 Rf6 66. Bb7 Be3
67. Bc6 Rf8 68. Bd5 g5 69. Bc6 Rf6 70. Bd7 Rf8 71. Bc6 Rf7 72. Be8 Re7 73. Bc6
Bf4 74. Bd5 Bd2 75. Rd1 Be3 76. Rh1 Re8 77. Bc6 Rf8 78. Bb7 Kg6 79. Bc6 Kg7 80.
Bb7 Rf6 81. Bc6 Bd2 82. Bd7 Bf4 83. Bc8 Be3 84. Bd7 e4 85. fxe4 fxe4 86. Rf1
exd3 87. exd3 Bf4 88. Rh1 Be3 89. Rf1 Rxf1 1/2-1/2

[Event "BL 1415 Schwäbisch Hall - Bayern Münc"]
[Site "?"]
[Date "2014.12.06"]
[Round "7.4"]
[White "Avrukh, Boris"]
[Black "Fedorovsky, Michael"]
[Result "1-0"]
[WhiteElo "2593"]
[BlackElo "2437"]
[PlyCount "75"]
[EventDate "2014.??.??"]

1. d4 Nf6 2. c4 e6 3. g3 d5 4. Bg2 Be7 5. Nf3 O-O 6. O-O dxc4 7. Qc2 a6 8. a4
Bd7 9. Qxc4 Bc6 10. Bf4 a5 11. Nc3 Na6 12. Rac1 Nb4 13. Ne5 Bxg2 14. Kxg2 c6
15. e4 Nd7 16. Nf3 Qc8 17. Qe2 Re8 18. Nd2 Qd8 19. Rfd1 Bf8 20. Qf3 Nb6 21. b3
Qf6 22. h4 h6 23. h5 Rac8 24. Nc4 Nxc4 25. bxc4 Qd8 26. e5 Re7 27. Ne4 Rd7 28.
g4 Rxd4 29. Rxd4 Qxd4 30. Rd1 Qxc4 31. Rd7 Nc2 32. Bd2 Kh8 33. Rxf7 Bb4 34. Nd6
Bxd6 35. exd6 Nd4 36. d7 Rg8 37. Qe4 e5 38. Rxg7 1-0

[Event "BL 1415 Schwäbisch Hall - Bayern Münc"]
[Site "?"]
[Date "2014.12.06"]
[Round "7.5"]
[White "Jorczik, Julian"]
[Black "Wirig, Anthony"]
[Result "1/2-1/2"]
[WhiteElo "2409"]
[BlackElo "2484"]
[PlyCount "56"]
[EventDate "2014.??.??"]

1. d4 Nf6 2. Nf3 d6 3. g3 Nc6 4. Bg2 e5 5. d5 Ne7 6. c4 Ng6 7. Nc3 Be7 8. Qc2
h6 9. Bd2 a6 10. Rc1 O-O 11. O-O Nh7 12. e4 f5 13. exf5 Bxf5 14. Ne4 Qd7 15.
Ne1 Bg5 16. Nd3 Bxd2 17. Qxd2 Bxe4 18. Bxe4 Ng5 19. Qe3 Qh3 20. f3 Nxe4 21.
fxe4 b6 22. Rf2 a5 23. Rcf1 Rxf2 24. Nxf2 Qh5 25. Nd3 Rf8 26. Rxf8+ Nxf8 27.
Nf2 Nd7 28. Kg2 Nf6 1/2-1/2

[Event "BL 1415 Schwäbisch Hall - Bayern Münc"]
[Site "?"]
[Date "2014.12.06"]
[Round "7.6"]
[White "Zeller, Frank"]
[Black "Meister, Peter"]
[Result "1-0"]
[WhiteElo "2431"]
[BlackElo "2407"]
[PlyCount "47"]
[EventDate "2014.??.??"]

1. e4 e6 2. d4 d5 3. Nc3 h6 4. Bd3 Nc6 5. Nf3 Nb4 6. Be2 Nf6 7. e5 Ne4 8. Be3
c5 9. dxc5 Nxc3 10. bxc3 Nc6 11. O-O Qa5 12. Rb1 a6 13. Nd4 Nxe5 14. f4 Nc4 15.
Bxc4 dxc4 16. c6 Qd5 17. f5 e5 18. Ne6 Qxd1 19. Rfxd1 fxe6 20. cxb7 Bxb7 21.
Rxb7 exf5 22. Rd5 g6 23. Rxe5+ Kd8 24. Bb6+ 1-0

[Event "BL 1415 Schwäbisch Hall - Bayern Münc"]
[Site "?"]
[Date "2014.12.06"]
[Round "7.7"]
[White "Zajogin, Alexander"]
[Black "Womacka, Mathias"]
[Result "1/2-1/2"]
[WhiteElo "2393"]
[BlackElo "2432"]
[PlyCount "99"]
[EventDate "2014.??.??"]

1. d4 Nf6 2. c4 e6 3. Nc3 Bb4 4. e3 c5 5. Nge2 cxd4 6. exd4 O-O 7. a3 Be7 8.
Nf4 Re8 9. Bd3 Nc6 10. O-O b6 11. d5 Ne5 12. Be2 Bb7 13. b4 exd5 14. Ncxd5 Nxd5
15. Nxd5 Rc8 16. Ne3 Bf6 17. Ra2 Rc7 18. Rd2 Ng6 19. Nd5 Bxd5 20. Rxd5 Ne7 21.
Rd6 Nf5 22. Rd5 Ne7 23. Rd3 Ng6 24. f4 Rxc4 25. Rxd7 Bd4+ 26. Kh1 Qxd7 27. Bxc4
Rd8 28. Qh5 Qc6 29. Bb3 Qc3 30. Bd5 Bf6 31. Rd1 Re8 32. h3 Re1+ 33. Kh2 Rxd1
34. Qxd1 Qd4 35. Qxd4 Bxd4 36. Kg3 Kf8 37. Kf3 Ne7 38. Ke4 Ba1 39. Bb3 Ke8 40.
f5 f6 41. b5 Nc8 42. Bf4 Ke7 43. Bg8 Nd6+ 44. Kd5 Nxb5 45. a4 Nc3+ 46. Kc6 Nxa4
47. Bd6+ Ke8 48. Bxh7 Kf7 49. Bg6+ Kg8 50. Kb5 1/2-1/2

[Event "BL 1415 Schwäbisch Hall - Bayern Münc"]
[Site "?"]
[Date "2014.12.06"]
[Round "7.8"]
[White "Raykhman, Alexander"]
[Black "Reiss, Tibor"]
[Result "1/2-1/2"]
[WhiteElo "2409"]
[BlackElo "2367"]
[PlyCount "97"]
[EventDate "2014.??.??"]

1. d4 d5 2. c4 c6 3. Nf3 Nf6 4. Nc3 e6 5. Bg5 Nbd7 6. e3 Qa5 7. Nd2 Bb4 8. Qc2
Ne4 9. Ncxe4 dxe4 10. Bh4 e5 11. a3 O-O 12. Rd1 Bxd2+ 13. Qxd2 Qxd2+ 14. Rxd2
Re8 15. Be2 Nf8 16. O-O Bf5 17. g4 Bg6 18. dxe5 Rxe5 19. Rfd1 f6 20. a4 Bf7 21.
Bg3 Ree8 22. a5 a6 23. Bc7 Ng6 24. Kg2 Rac8 25. Bg3 Nf8 26. b4 Be6 27. Rd6 Bf7
28. h3 Re6 29. R6d2 Ra8 30. Bc7 Ng6 31. Rd4 c5 32. bxc5 Be8 33. Rd6 Re7 34. Bd8
Re5 35. Bb6 Bc6 36. Kg3 Nf8 37. Rd8 Rxd8 38. Rxd8 Kf7 39. Bc7 Ne6 40. Bxe5 Nxd8
41. Bd4 Ne6 42. h4 h6 43. Bf1 Ke7 44. Bh3 Kf7 45. Bg2 Ke7 46. Bh3 Kf7 47. g5
hxg5 48. Bxe6+ Kxe6 49. hxg5 1/2-1/2

[Event "BL 1415 Turm Emsdetten - Werder Bremen"]
[Site "?"]
[Date "2015.01.30"]
[Round "7.2"]
[White "Yilmaz, Mustafa"]
[Black "Areshchenko, Alexander"]
[Result "1-0"]
[WhiteElo "2565"]
[BlackElo "2661"]
[PlyCount "125"]
[EventDate "2015.??.??"]

1. c4 g6 2. g3 Bg7 3. Bg2 c5 4. Nc3 Nc6 5. d3 e6 6. Nh3 Nge7 7. Nf4 O-O 8. O-O
b6 9. Bd2 Bb7 10. a3 d6 11. b4 Qd7 12. Rb1 Rad8 13. Qa4 Ba8 14. Rfc1 h6 15. Qd1
Ne5 16. Qf1 Nf5 17. a4 Nd4 18. bxc5 bxc5 19. a5 Bxg2 20. Kxg2 Qc6+ 21. e4 f5
22. Be3 g5 23. Nh5 fxe4 24. Nxe4 Ndf3 25. Nxg7 Kxg7 26. h3 Rf7 27. Qd1 Kg8 28.
Kf1 d5 29. cxd5 exd5 30. Rxc5 Qe6 31. Nd2 d4 32. Bxg5 Qxh3+ 33. Ke2 hxg5 34.
Ne4 Qh5 35. Qb3 Kg7 36. Qe6 Nh2+ 37. Kd2 Nef3+ 38. Kc2 Qg6 39. Qc4 Ng4 40. Rbb5
Re8 41. Rxg5 Nxg5 42. Rxg5 Qxg5 43. Nxg5 Rxf2+ 44. Kb3 Kg6 45. Ne4 Rb8+ 46. Ka3
Rf5 47. Qa6+ Kh5 48. Qxa7 Rfb5 49. Qh7+ Nh6 50. g4+ Kxg4 51. Qg6+ Kf3 52. Qg3+
Ke2 53. Qf2+ Kxd3 54. Qf3+ Kc4 55. Nd6+ Kc5 56. Nxb5 Rxb5 57. Qf8+ Kc4 58. Ka4
Nf5 59. Qc8+ Rc5 60. Qe6+ Kc3 61. Qb3+ Kd2 62. Qb4+ Rc3 63. a6 1-0

[Event "BL 1415 Turm Emsdetten - Werder Bremen"]
[Site "?"]
[Date "2015.01.30"]
[Round "7.3"]
[White "McShane, Luke J"]
[Black "Van Foreest, Jorden"]
[Result "1-0"]
[WhiteElo "2672"]
[BlackElo "2467"]
[PlyCount "85"]
[EventDate "2015.??.??"]

1. e4 e5 2. Nf3 Nc6 3. Bb5 g6 4. O-O Bg7 5. c3 d6 6. d4 Bd7 7. Bg5 Nf6 8. Nbd2
h6 9. Bh4 Qe7 10. Re1 O-O-O 11. Bxf6 Qxf6 12. d5 Nb8 13. Qa4 g5 14. Nc4 g4 15.
Nfd2 a6 16. Bxd7+ Nxd7 17. Na5 h5 18. Nxb7 Kxb7 19. Qc6+ Kb8 20. Qxa6 Nc5 21.
Qb5+ Kc8 22. b4 Bh6 23. Nf1 Nd7 24. a4 h4 25. a5 Rdg8 26. a6 Kd8 27. a7 Ke7 28.
Qb7 Ra8 29. Ra6 Bf4 30. Rc6 Rhc8 31. c4 h3 32. c5 hxg2 33. Kxg2 Qh8 34. Re3
Bxe3 35. Nxe3 Qh3+ 36. Kg1 Rh8 37. Nf1 Qa3 38. Rxc7 Rad8 39. c6 Kf6 40. Rxd7
Rxd7 41. Qxd7 Qxb4 42. c7 Qc5 43. Qd8+ 1-0

[Event "BL 1415 Turm Emsdetten - Werder Bremen"]
[Site "?"]
[Date "2015.01.30"]
[Round "7.4"]
[White "Hector, Jonny"]
[Black "Nyback, Tomi"]
[Result "0-1"]
[WhiteElo "2477"]
[BlackElo "2604"]
[PlyCount "78"]
[EventDate "2015.??.??"]

1. d4 d5 2. Nc3 Nf6 3. Bg5 Bf5 4. Bxf6 exf6 5. e3 Be6 6. Nge2 Bd6 7. Nb5 Bb4+
8. c3 Be7 9. c4 dxc4 10. Nf4 c6 11. Nc3 b5 12. Nxe6 fxe6 13. Qg4 Kf7 14. Be2
Nd7 15. O-O Nb6 16. Rad1 Qd7 17. e4 Rad8 18. Qh3 g6 19. a3 Kg7 20. f4 f5 21. g4
fxe4 22. Nxe4 Rhf8 23. g5 Nd5 24. Bg4 Qc7 25. Bxe6 Nxf4 26. Qg4 Nd3 27. Nf6 Qd6
28. d5 Qe5 29. dxc6 Qc5+ 30. Kg2 Qxc6+ 31. Kg3 Qd6+ 32. Kh3 Nf2+ 33. Rxf2 Qxd1
34. Qh4 h5 35. Qf4 Qd6 36. Qe4 Qd3+ 37. Kg2 Qxe4+ 38. Nxe4 Rxf2+ 39. Kxf2 Rd1
0-1

[Event "BL 1415 Turm Emsdetten - Werder Bremen"]
[Site "?"]
[Date "2015.01.30"]
[Round "7.5"]
[White "Smerdon, David"]
[Black "Janssen, Ruud"]
[Result "1-0"]
[WhiteElo "2514"]
[BlackElo "2465"]
[PlyCount "75"]
[EventDate "2015.??.??"]

1. e4 e5 2. Nf3 Nc6 3. Bb5 a6 4. Bxc6 dxc6 5. Nc3 f6 6. d4 Bb4 7. O-O Bg4 8.
dxe5 Qxd1 9. Nxd1 fxe5 10. Bd2 Bd6 11. Ng5 Nf6 12. Ne3 Bd7 13. Bc3 O-O 14. Nc4
Rae8 15. Rfe1 Bg4 16. Ne3 Bc8 17. Nc4 Bg4 18. Nd2 Nh5 19. h3 Bc8 20. Ngf3 b5
21. b4 Nf4 22. Kh2 c5 23. bxc5 Bxc5 24. Bxe5 Bxf2 25. Rf1 Bb6 26. a4 Ne6 27.
Bg3 bxa4 28. Rxa4 Nc5 29. Rc4 Bd7 30. Ra1 Bc6 31. Bf2 Re5 32. Nxe5 Rxf2 33.
Nxc6 Rxd2 34. Rf1 h6 35. Ne7+ Kh7 36. Rf7 Re2 37. Nf5 Ne6 38. Re7 1-0

[Event "BL 1415 Turm Emsdetten - Werder Bremen"]
[Site "?"]
[Date "2015.01.30"]
[Round "7.6"]
[White "Zumsande, Martin"]
[Black "Markgraf, Alexander"]
[Result "0-1"]
[WhiteElo "2428"]
[BlackElo "2495"]
[PlyCount "140"]
[EventDate "2015.??.??"]

1. e4 c5 2. c3 Nf6 3. e5 Nd5 4. Nf3 e6 5. d4 cxd4 6. cxd4 d6 7. Bc4 Nc6 8. O-O
Be7 9. Qe2 O-O 10. Rd1 Na5 11. Bd3 Nb4 12. exd6 Qxd6 13. Nc3 b6 14. Ng5 Nxd3
15. Qxd3 Bxg5 16. Ne4 Qd5 17. Nxg5 Qf5 18. Qxf5 exf5 19. d5 Bb7 20. b3 Rad8 21.
Ba3 Rfe8 22. d6 Nc6 23. Nf3 Re4 24. h3 f6 25. Rac1 Kf7 26. d7 Re2 27. Nd2 Rxd7
28. Nc4 Rxd1+ 29. Rxd1 Ba6 30. Rd7+ Ke8 31. Rxg7 Bxc4 32. bxc4 Rxa2 33. Bd6 Rd2
34. c5 bxc5 35. Bxc5 Rd7 36. Rg8+ Kf7 37. Rc8 Ne5 38. Ra8 Nc6 39. Rc8 Ne7 40.
Ra8 Rc7 41. Be3 Nc6 42. Kh2 Ke6 43. h4 Rb7 44. h5 a5 45. h6 Rb8 46. Ra6 Kd5 47.
Kg3 Rb4 48. f3 a4 49. Bc1 Rc4 50. Ba3 Ke6 51. Ra8 f4+ 52. Kh3 Kf5 53. Rh8 Kg6
54. Rg8+ Kxh6 55. Kh4 Nb4 56. Kg4 Rd4 57. Bc1 Nd3 58. Ba3 Ne5+ 59. Kf5 Ng6 60.
Kxf6 Rd3 61. Bc5 Rc3 62. Bb4 Rc6+ 63. Kf7 Ne5+ 64. Ke7 Rg6 65. Ra8 Nc6+ 66. Kf7
Nxb4 67. Rxa4 Nd5 68. Rd4 Rf6+ 69. Ke8 Ne3 70. Ke7 Nf5+ 0-1

[Event "BL 1415 Turm Emsdetten - Werder Bremen"]
[Site "?"]
[Date "2015.01.30"]
[Round "7.7"]
[White "Meins, Gerlef"]
[Black "Fiebig, Thomas"]
[Result "1-0"]
[WhiteElo "2449"]
[BlackElo "2408"]
[PlyCount "163"]
[EventDate "2015.??.??"]

1. Nf3 d5 2. c4 e6 3. d4 c5 4. cxd5 exd5 5. Nc3 Nc6 6. g3 Nf6 7. Bg2 Be7 8. O-O
O-O 9. dxc5 Bxc5 10. Na4 Be7 11. Be3 Re8 12. Rc1 Bg4 13. h3 Bh5 14. Nd4 Qd7 15.
Nxc6 bxc6 16. Bc5 Bxe2 17. Qxe2 Bxc5 18. Nxc5 Rxe2 19. Nxd7 Nxd7 20. Rxc6 Nf6
21. Rfc1 Kf8 22. R6c2 Rxc2 23. Rxc2 Rb8 24. b3 a5 25. Rc5 a4 26. bxa4 Rb1+ 27.
Bf1 Rb2 28. a5 Rxa2 29. a6 Ne8 30. Rxd5 Ke7 31. Rc5 Kd6 32. Rc8 Nc7 33. Rg8 g6
34. Rg7 Ke7 35. Bc4 Ra1+ 36. Kg2 Ne6 37. Rxh7 Ra4 38. Bb5 Ra5 39. Bf1 Ra4 40.
Rh4 Ra2 41. Re4 Kd6 42. Bc4 Ra4 43. Bd5 Rxa6 44. Bxe6 fxe6 45. Rg4 Ke7 46. Rxg6
Kf7 47. Rg4 Kf6 48. h4 Ra5 49. Rf4+ Kg6 50. Kh3 e5 51. Rb4 Ra2 52. f4 exf4 53.
Rxf4 Ra3 54. Kg4 Ra5 55. Rb4 Ra6 56. h5+ Kf6 57. Rf4+ Kg7 58. Kg5 Rb6 59. g4
Ra6 60. Rf5 Rb6 61. Ra5 Rb7 62. h6+ Kh7 63. Kh5 Rb1 64. Ra7+ Kg8 65. g5 Rb5 66.
Re7 Ra5 67. Kg6 Ra8 68. Kf6 Rf8+ 69. Ke6 Rf1 70. g6 Re1+ 71. Kd6 Rd1+ 72. Kc5
Rc1+ 73. Kd4 Rd1+ 74. Kc3 Rc1+ 75. Kd2 Rc8 76. Rd7 Re8 77. Kd3 Rc8 78. Kd4 Re8
79. Kd5 Ra8 80. Ke6 Re8+ 81. Kd6 Ra8 82. Ke7 1-0

[Event "BL 1415 Turm Emsdetten - Werder Bremen"]
[Site "?"]
[Date "2015.01.30"]
[Round "7.8"]
[White "Richter, Christian"]
[Black "Fish, Gennadij"]
[Result "1/2-1/2"]
[WhiteElo "2371"]
[BlackElo "2462"]
[PlyCount "80"]
[EventDate "2015.??.??"]

1. d4 d5 2. Nf3 e6 3. c4 c5 4. cxd5 exd5 5. g3 Nc6 6. Bg2 Nf6 7. O-O Be7 8. Nc3
Be6 9. b3 Ne4 10. Bb2 O-O 11. dxc5 Bxc5 12. e3 h6 13. Qd3 Nb4 14. Qe2 Qe7 15.
Rfd1 Rfd8 16. Nd4 Bxd4 17. Rxd4 Nc6 18. Rdd1 Nf6 19. h3 d4 20. exd4 Nxd4 21.
Qe5 Nc6 22. Qe3 Rxd1+ 23. Rxd1 Rd8 24. Rd2 Rxd2 25. Qxd2 Qb4 26. Kh2 Qa5 27.
Ne4 Qxd2 28. Nxd2 Nd5 29. a3 Nb6 30. Bxc6 bxc6 31. Bd4 Kf8 32. Kg2 g6 33. h4
Bd5+ 34. Kf1 Ke7 35. Ke2 Kd6 36. b4 Nc4 37. Nxc4+ Bxc4+ 38. Ke3 a6 39. h5 gxh5
40. Bg7 Kd5 1/2-1/2

[Event "BL 1415 SG Turm Trier - Bayern München"]
[Site "?"]
[Date "2015.01.31"]
[Round "8.1"]
[White "Bischoff, Klaus"]
[Black "Erdos, Viktor"]
[Result "1/2-1/2"]
[WhiteElo "2496"]
[BlackElo "2617"]
[PlyCount "50"]
[EventDate "2015.??.??"]

1. c4 c5 2. b3 Nc6 3. Bb2 e5 4. Nf3 e4 5. Ng1 Nf6 6. Bxf6 Qxf6 7. Nc3 Qg6 8.
Nb5 Bd6 9. Nxd6+ Qxd6 10. e3 b6 11. Ne2 Bb7 12. Nc3 Ne5 13. d4 exd3 14. f4 Ng6
15. Qd2 Qf6 16. O-O-O d5 17. cxd5 Bxd5 18. e4 Bb7 19. g3 O-O-O 20. Bxd3 c4 21.
bxc4 Bxe4 22. Nxe4 Qa1+ 23. Kc2 Qxa2+ 24. Kc1 Qa1+ 25. Kc2 Qa2+ 1/2-1/2

[Event "BL 1415 SG Turm Trier - Bayern München"]
[Site "?"]
[Date "2015.01.31"]
[Round "8.2"]
[White "Lupulescu, Constantin"]
[Black "Belezky, Alexander"]
[Result "1-0"]
[WhiteElo "2640"]
[BlackElo "2446"]
[PlyCount "89"]
[EventDate "2015.??.??"]

1. d4 Nf6 2. Nf3 e6 3. c4 Bb4+ 4. Nbd2 b6 5. a3 Bxd2+ 6. Qxd2 Bb7 7. e3 O-O 8.
Be2 d6 9. O-O Nbd7 10. b4 Ne4 11. Qc2 f5 12. Bb2 Ng5 13. d5 Nxf3+ 14. Bxf3 e5
15. e4 f4 16. Bg4 Bc8 17. f3 Nf6 18. Bxc8 Qxc8 19. c5 Qa6 20. a4 bxc5 21. bxc5
Rab8 22. Ba3 Rfd8 23. Rab1 Ne8 24. h3 Kf7 25. Rfc1 Rdc8 26. Bb4 g5 27. Be1 Ke7
28. Bf2 Kd8 29. h4 h6 30. hxg5 hxg5 31. g4 Ke7 32. Kg2 Rxb1 33. Rxb1 Nf6 34. c6
Ra8 35. Rb7 Qa5 36. Qd1 Ne8 37. Qh1 Qxa4 38. Qh7+ Kf8 39. Qf5+ Kg8 40. Qxg5+
Kf8 41. Qh6+ Kg8 42. g5 Qa5 43. Rb1 Qa2 44. g6 Nf6 45. Rh1 1-0

[Event "BL 1415 SG Turm Trier - Bayern München"]
[Site "?"]
[Date "2015.01.31"]
[Round "8.3"]
[White "Fedorovsky, Michael"]
[Black "Graf, Felix"]
[Result "0-1"]
[WhiteElo "2443"]
[BlackElo "2472"]
[PlyCount "118"]
[EventDate "2015.??.??"]

1. d4 e6 2. c4 Nf6 3. Nc3 Bb4 4. Qc2 b6 5. e4 c5 6. d5 Qe7 7. Be2 d6 8. Nf3 O-O
9. O-O Bxc3 10. bxc3 exd5 11. exd5 Bg4 12. h3 Re8 13. hxg4 Qxe2 14. Qxe2 Rxe2
15. Bf4 Nbd7 16. Rfe1 Rae8 17. g5 Rxe1+ 18. Nxe1 Ne4 19. f3 Nxc3 20. Bxd6 b5
21. cxb5 Nxb5 22. Bg3 Nc3 23. d6 Ne2+ 24. Kf2 Nxg3 25. Kxg3 Re5 26. f4 Rd5 27.
Rb1 Rxd6 28. Rb7 a6 29. Rc7 Kf8 30. Nf3 Ke8 31. Rc8+ Ke7 32. f5 f6 33. Kf4
fxg5+ 34. Nxg5 Rd4+ 35. Kf3 Kf6 36. Ne4+ Kxf5 37. g4+ Ke6 38. Nxc5+ Nxc5 39.
Rxc5 Ra4 40. Rc7 Kf6 41. Rc2 g6 42. Kg3 Ke5 43. g5 Ke4 44. Rf2 Rd4 45. Rf6 a5
46. Ra6 Ra4 47. Ra7 Kf5 48. Rxh7 Kxg5 49. Rc7 Ra3+ 50. Kg2 Rxa2+ 51. Kg1 Kh4
52. Rc4+ Kh5 53. Rc5+ g5 54. Rc4 a4 55. Rb4 a3 56. Rb3 Kh4 57. Rc3 g4 58. Kh1
g3 59. Rc8 Rb2 0-1

[Event "BL 1415 SG Turm Trier - Bayern München"]
[Site "?"]
[Date "2015.01.31"]
[Round "8.4"]
[White "Bobras, Piotr"]
[Black "Richter, Wolfgang"]
[Result "1-0"]
[WhiteElo "2530"]
[BlackElo "2401"]
[PlyCount "69"]
[EventDate "2015.??.??"]

1. e4 e6 2. d4 d5 3. Nc3 Nf6 4. e5 Nfd7 5. f4 c5 6. Nf3 Nc6 7. Be3 Qb6 8. Na4
Qa5+ 9. c3 b6 10. Bd2 c4 11. b4 Nxb4 12. cxb4 Bxb4 13. Qc2 Bxd2+ 14. Nxd2 b5
15. Nc3 b4 16. Nce4 dxe4 17. Nxc4 b3+ 18. Qd2 b2 19. Rb1 Qxd2+ 20. Kxd2 Rb8 21.
Rxb2 Rxb2+ 22. Nxb2 Nb6 23. Nc4 Nd5 24. Nd6+ Ke7 25. Bc4 Bd7 26. Bxd5 exd5 27.
Rb1 Bc6 28. Rc1 Bd7 29. Rc7 Rb8 30. f5 Rb2+ 31. Ke3 Rxa2 32. Nxf7 Kxf7 33.
Rxd7+ Kf8 34. Rxd5 Rxg2 35. Rd8+ 1-0

[Event "BL 1415 SG Turm Trier - Bayern München"]
[Site "?"]
[Date "2015.01.31"]
[Round "8.5"]
[White "Meister, Peter"]
[Black "Cyborowski, Lukasz"]
[Result "1/2-1/2"]
[WhiteElo "2408"]
[BlackElo "2518"]
[PlyCount "52"]
[EventDate "2015.??.??"]

1. d4 Nf6 2. c4 e6 3. Nf3 d5 4. Nc3 Be7 5. Bg5 O-O 6. e3 h6 7. Bh4 Ne4 8. Bxe7
Qxe7 9. Qc2 Nxc3 10. Qxc3 dxc4 11. Bxc4 b6 12. O-O Bb7 13. b4 c5 14. dxc5 bxc5
15. b5 Nd7 16. Rfc1 Rfc8 17. Bf1 a6 18. a4 axb5 19. axb5 Rxa1 20. Rxa1 Bxf3 21.
gxf3 Nb6 22. f4 Qc7 23. Bg2 Nd5 24. Qc4 Nb6 25. Qc3 Nd5 26. Qc4 Nb6 1/2-1/2

[Event "BL 1415 SG Turm Trier - Bayern München"]
[Site "?"]
[Date "2015.01.31"]
[Round "8.6"]
[White "Parligras, Mircea-Emilian"]
[Black "Reich, Thomas"]
[Result "1-0"]
[WhiteElo "2580"]
[BlackElo "2419"]
[PlyCount "81"]
[EventDate "2015.??.??"]

1. d4 Nf6 2. c4 g6 3. f3 Bg7 4. e4 O-O 5. Nc3 c6 6. Be3 d5 7. e5 Nfd7 8. cxd5
cxd5 9. Nxd5 Nc6 10. Qd2 Nb6 11. Nxb6 axb6 12. Ne2 b5 13. Nc3 b4 14. Ne4 Be6
15. Bb5 Qd5 16. Bxc6 bxc6 17. O-O f6 18. exf6 exf6 19. b3 f5 20. Nc5 f4 21. Bf2
Bf5 22. Qxb4 g5 23. a4 g4 24. fxg4 Bxg4 25. Qc4 Rfb8 26. Qxd5+ cxd5 27. h3 Be2
28. Rfe1 f3 29. a5 Rb5 30. a6 Rb6 31. gxf3 Bxf3 32. Re6 Rb5 33. Rae1 Bf8 34.
Re8 Rbb8 35. Rxb8 Rxb8 36. a7 Ra8 37. Ra1 Bd6 38. b4 Be2 39. Nd7 Kf7 40. Bg3
Bxg3 41. Nb6 1-0

[Event "BL 1415 SG Turm Trier - Bayern München"]
[Site "?"]
[Date "2015.01.31"]
[Round "8.7"]
[White "Renner, Christoph"]
[Black "Jaracz, Pawel"]
[Result "0-1"]
[WhiteElo "2363"]
[BlackElo "2503"]
[PlyCount "54"]
[EventDate "2015.??.??"]

1. e4 c5 2. d3 Nc6 3. g3 g6 4. Bg2 Bg7 5. f4 d6 6. Nf3 e5 7. c3 Nge7 8. O-O
exf4 9. Bxf4 O-O 10. Na3 d5 11. Nb5 Bg4 12. Qb3 Qd7 13. exd5 Nxd5 14. Bd6 Ne3
15. Ng5 a6 16. Bxf8 Rxf8 17. Na3 Nxg2 18. Kxg2 h6 19. Rxf7 Rxf7 20. Qxf7+ Qxf7
21. Nxf7 Kxf7 22. Re1 b5 23. Nc2 Bf5 24. Rf1 Ke7 25. Rf3 Ne5 26. Re3 Bxd3 27.
Ne1 Bc4 0-1

[Event "BL 1415 SG Turm Trier - Bayern München"]
[Site "?"]
[Date "2015.01.31"]
[Round "8.8"]
[White "Haslinger, Stewart G"]
[Black "Zwanzger, Johannes"]
[Result "1-0"]
[WhiteElo "2531"]
[BlackElo "2298"]
[PlyCount "147"]
[EventDate "2015.??.??"]

1. e4 c5 2. Nf3 e6 3. d4 cxd4 4. Nxd4 Nc6 5. Nc3 Qc7 6. Be3 a6 7. Qd2 Nf6 8. f4
Bb4 9. Bd3 b5 10. a3 Bxc3 11. Qxc3 Bb7 12. Nxc6 Qxc6 13. Qxc6 Bxc6 14. e5 Nd5
15. Bd2 O-O 16. O-O g6 17. b3 Rfb8 18. g4 a5 19. Rf2 b4 20. a4 f5 21. gxf5 gxf5
22. Rf3 Kh8 23. Kf2 Rg8 24. Rg3 Rg6 25. Rag1 Rag8 26. Be2 Rxg3 27. Rxg3 Rc8 28.
Ba6 Rc7 29. Ke2 Bb7 30. Bc4 Nb6 31. Bd3 Nd5 32. h4 Rc8 33. Rg5 h6 34. Rg3 Kh7
35. Kd1 Rc7 36. Be2 Ne7 37. c3 Nd5 38. c4 Ne7 39. Be3 Rc8 40. Bh5 Be4 41. Bb6
Nc6 42. Kd2 Rb8 43. Bc5 Rc8 44. Bg6+ Kh8 45. h5 Bb1 46. Rg1 Be4 47. Rg3 Bb1 48.
Kc1 Be4 49. Kb2 Rb8 50. Rg1 Bf3 51. Rf1 Bg4 52. Rf2 Kg8 53. Rd2 Rb7 54. Be8 Nb8
55. Rd6 Bf3 56. Rd3 Be2 57. Rd2 Bf3 58. Kc1 Bg4 59. Rd4 Bf3 60. Kd2 Kg7 61. Ke3
Bg2 62. Rd1 Bh3 63. Rd2 Kg8 64. Be7 Kg7 65. c5 Kg8 66. Bd8 Kf8 67. Bxd7 Rxd7
68. c6 Nxc6 69. Rxd7 Ke8 70. Rh7 Nxd8 71. Rxh6 Bg4 72. Rh8+ Ke7 73. Rxd8 Bxh5
74. Rd6 1-0

[Event "BL 1415 SV Hockenheim - Schwäbisch Hal"]
[Site "?"]
[Date "2015.01.31"]
[Round "8.2"]
[White "Saric, Ivan"]
[Black "Laznicka, Viktor"]
[Result "0-1"]
[WhiteElo "2679"]
[BlackElo "2673"]
[PlyCount "86"]
[EventDate "2015.??.??"]

1. e4 c6 2. d4 d5 3. e5 Bf5 4. Nf3 e6 5. Be2 c5 6. Be3 cxd4 7. Nxd4 Ne7 8. Nc3
Bg6 9. h4 h5 10. Ncb5 Nec6 11. c4 Bb4+ 12. Kf1 dxc4 13. Nd6+ Bxd6 14. exd6 Qxd6
15. Nb5 Qxd1+ 16. Rxd1 Na6 17. Nd6+ Ke7 18. Nxb7 Rab8 19. Nc5 Nxc5 20. Bxc5+
Kf6 21. Rh3 Rxb2 22. Bxc4 Bf5 23. Rf3 Kg6 24. Rg3+ Kh7 25. Rc1 Rd8 26. Bb3 Nd4
27. Bc4 a5 28. Ra3 Nc6 29. Be3 Bg4 30. Kg1 Ne5 31. Bb3 Bf5 32. Rxa5 Ng4 33. Bc5
f6 34. Bd1 Nxf2 35. Bxf2 Rdd2 36. Be3 Rxg2+ 37. Kf1 Bd3+ 38. Ke1 Rh2 39. Bf3 e5
40. Bg1 Rh3 41. Bc6 Rxh4 42. Rd5 Re4+ 43. Kd1 Be2+ 0-1